El asalto a las fronteras del Derecho. (Record no. 13451)
[ view plain ]
| 000 -CABECERA | |
|---|---|
| campo de control de longitud fija | 01449nam a2200301 4500 |
| 003 - IDENTIFICADOR DEL NÚMERO DE CONTROL | |
| campo de control | EC-UNACH |
| 005 - FECHA Y HORA DE LA ÚLTIMA TRANSACCIÓN | |
| campo de control | 20241028124115.0 |
| 006 - CÓDIGOS DE INFORMACIÓN DE LONGITUD FIJA--CARACTERÍSTICAS DEL MATERIAL ADICIONAL | |
| campo de control de longitud fija | s||||gr|||| 00| 00 |
| 008 - DATOS DE LONGITUD FIJA--INFORMACIÓN GENERAL | |
| campo de control de longitud fija | 150116t9999 mx r gr 000 0 spa d |
| 020 ## - NÚMERO INTERNACIONAL ESTÁNDAR DEL LIBRO | |
| Número Internacional Estándar del Libro | 978-84-1364-096-9 |
| 040 ## - FUENTE DE LA CATALOGACIÓN | |
| Centro catalogador/agencia de origen | EC-UNACH |
| Centro/agencia transcriptor | EC-UNACH |
| 041 ## - CÓDIGO DE LENGUA | |
| Código de lengua del texto/banda sonora o título independiente | spa |
| 082 04 - NÚMERO DE LA CLASIFICACIÓN DECIMAL DEWEY | |
| Número de edición | 23 |
| Número de clasificación | 340 |
| Número de documento/Ítem | L016662 |
| 100 ## - ENTRADA PRINCIPAL--NOMBRE DE PERSONA | |
| Nombre de persona | Noguera Fernández, Albert. |
| 245 ## - MENCIÓN DE TÍTULO | |
| Título | El asalto a las fronteras del Derecho. |
| 250 ## - MENCIÓN DE EDICIÓN | |
| Mención de edición | Primera Edición. |
| 264 ## - Producción, publicación, distribución, fabricación y copyright | |
| Lugar de producción, publicación, distribución, fabricación | Madrid, España. |
| Nombre del de productor, editor, distribuidor, fabricante | Editorial Trotta, S.A. |
| Fecha de de producción, publicación, distribución, fabricación o copyright | 2023 |
| 300 ## - DESCRIPCIÓN FÍSICA | |
| Extensión | 181 páginas. |
| Dimensiones | 23 centímetros. |
| 505 ## - NOTA DE CONTENIDO CON FORMATO | |
| Nota de contenido con formato | Incluye: Incluye: Tomar el poder y transformar no es hoy Ni más ni menos difícil que ayer.-- El asalto al estado: La revolución como mecanismo de toma del Poder y transformación propio del constitucionalismo.-- Las dos generaciones de pluralismo jurídico y el cambio de modo histórico de juridificación El surgimiento de la ciudad global.-- El asalto en las instituciones de gobernanza mundial. Puede existir un constitucionalismo global democrático?.-- Fronterismo: El asalto a las fronteras del derecho. Revolución y poder Constituyente en la era de la ciudad global. Referencias. |
| 650 ## - PUNTO DE ACCESO ADICIONAL DE MATERIA--TÉRMINO DE MATERIA | |
| Término de materia o nombre geográfico como elemento inicial | CAPITALISMO INDUSTRIAL |
| 650 ## - PUNTO DE ACCESO ADICIONAL DE MATERIA--TÉRMINO DE MATERIA | |
| Término de materia o nombre geográfico como elemento inicial | CONSTITUCIONALISMO |
| 650 ## - PUNTO DE ACCESO ADICIONAL DE MATERIA--TÉRMINO DE MATERIA | |
| Término de materia o nombre geográfico como elemento inicial | TRANSFORMACIÓN SOCIAL |
| 942 ## - ELEMENTOS DE PUNTO DE ACCESO ADICIONAL (KOHA) | |
| Fuente del sistema de clasificación o colocación | Clasificación Decimal Dewey |
| Tipo de ítem Koha | Libros |
| 999 ## - NÚMEROS DE CONTROL DE SISTEMA (KOHA) | |
| Koha biblionumber | 13451 |
| Estado de pérdida | Fuente del sistema de clasificación o colocación | Estado dañado | No para préstamo | Localización permanente | Ubicación/localización actual | Ubicación en estantería | Fecha de adquisición | Número de inventario | Total de préstamos | Signatura topográfica completa | Código de barras | Fecha visto por última vez | Número de copia | Precio válido a partir de | Tipo de ítem Koha | Centro de costos |
|---|---|---|---|---|---|---|---|---|---|---|---|---|---|---|---|---|
| Clasificación Decimal Dewey | Biblioteca Campus Norte | Biblioteca Campus Norte | Derecho | 04/10/2024 | 38415591 | 340 NOG L016662 | L016662 | 04/10/2024 | 01 | 04/10/2024 | Libros |